Normal view
MARC view
- حمودة، مسعد الفاروق / م.مشارك: ابراهيم عبدالهادي المليجي
Entry Personal Name
001 - CONTROL NUMBER
- control field: 17569
003 - CONTROL NUMBER IDENTIFIER
- control field: JO-AjAnu
005 - DATE AND TIME OF LATEST TRANSACTION
- control field: 20230606073112.0
008 - FIXED-LENGTH DATA ELEMENTS
- fixed length control field: 230606|| aca||aabn | a|a d
040 ## - CATALOGING SOURCE
- Original cataloging agency: JO-AjAnu
- Transcribing agency: JO-AjAnu
100 ## - HEADING--PERSONAL NAME
- Personal name: حمودة، مسعد الفاروق / م.مشارك: ابراهيم عبدالهادي المليجي
670 ## - SOURCE DATA FOUND
- Source citation: Work cat.: (JO-AjAnu)9021: حمودة، مسعد الفاروق / م.مشارك: ابراهيم عبدالهادي المليجي, author, المدخل الى تنظيم المجتمع المعاصر: نظرة تكاملية